<?xml version="1.0" encoding="UTF-8"?>
<record
    xmlns:xsi="http://www.w3.org/2001/XMLSchema-instance"
    xsi:schemaLocation="http://www.loc.gov/MARC21/slim http://www.loc.gov/standards/marcxml/schema/MARC21slim.xsd"
    xmlns="http://www.loc.gov/MARC21/slim">

  <leader>00940nam a2200217 i 4500</leader>
  <controlfield tag="001">C00041126c</controlfield>
  <controlfield tag="005">20241029145316.0</controlfield>
  <controlfield tag="008">001115s1918    sp a          000 0 spa d</controlfield>
  <datafield tag="080" ind1=" " ind2=" ">
    <subfield code="a">903(460.224 B&#xED;lbilis)</subfield>
  </datafield>
  <datafield tag="100" ind1="1" ind2=" ">
    <subfield code="a">Sentenach y Caba&#xF1;as, Narciso (</subfield>
    <subfield code="d">1856-1925)</subfield>
    <subfield code="9">29646</subfield>
  </datafield>
  <datafield tag="245" ind1="1" ind2="0">
    <subfield code="a">Excavaciones en B&#xED;lbilis (Cerro de B&#xE1;mbola-Calatayud) </subfield>
    <subfield code="b">: memoria de las exploraciones y excavaciones practicadas en el a&#xF1;o 1917 / </subfield>
    <subfield code="c">por Narciso Sentenach y Caba&#xF1;as.</subfield>
  </datafield>
  <datafield tag="260" ind1=" " ind2=" ">
    <subfield code="a">Madrid : </subfield>
    <subfield code="b">Revista de Arch., Bibl. y Museos, </subfield>
    <subfield code="c">1918.</subfield>
  </datafield>
  <datafield tag="300" ind1=" " ind2=" ">
    <subfield code="a">21 p., [2] h. de l&#xE1;m. ; </subfield>
    <subfield code="c">25 cm.</subfield>
  </datafield>
  <datafield tag="500" ind1=" " ind2=" ">
    <subfield code="a">Memorias de la Junta Superior de Excavaciones y Antig&#xFC;edades, n&#xBA; 3.</subfield>
  </datafield>
  <datafield tag="650" ind1=" " ind2="4">
    <subfield code="a">Excavaciones (Arqueolog&#xED;a)-</subfield>
    <subfield code="z">Espa&#xF1;a-</subfield>
    <subfield code="z">Calatayud.</subfield>
    <subfield code="9">92180</subfield>
  </datafield>
  <datafield tag="651" ind1=" " ind2="4">
    <subfield code="a">B&#xED;lbilis (Calatayud, Espa&#xF1;a)</subfield>
    <subfield code="9">27154</subfield>
  </datafield>
  <datafield tag="710" ind1="2" ind2=" ">
    <subfield code="a">Junta Superior de Excavaciones y Antig&#xFC;edades (</subfield>
    <subfield code="c">Madrid)</subfield>
    <subfield code="9">5521</subfield>
  </datafield>
  <datafield tag="852" ind1="4" ind2="2">
    <subfield code="j">F-5181; F-5285</subfield>
  </datafield>
  <datafield tag="952" ind1=" " ind2=" ">
    <subfield code="0">0</subfield>
    <subfield code="1">0</subfield>
    <subfield code="4">0</subfield>
    <subfield code="7">0</subfield>
    <subfield code="8">NOR</subfield>
    <subfield code="a">RABASF</subfield>
    <subfield code="b">RABASF</subfield>
    <subfield code="c">DP1</subfield>
    <subfield code="d">2000-11-21</subfield>
    <subfield code="e">O</subfield>
    <subfield code="l">0</subfield>
    <subfield code="o">F-5285</subfield>
    <subfield code="p">1043779</subfield>
    <subfield code="r">2024-10-15 09:33:23</subfield>
    <subfield code="w">2024-10-15</subfield>
    <subfield code="y">FONDOMODER</subfield>
  </datafield>
  <datafield tag="952" ind1=" " ind2=" ">
    <subfield code="0">0</subfield>
    <subfield code="1">0</subfield>
    <subfield code="4">0</subfield>
    <subfield code="7">0</subfield>
    <subfield code="8">NOR</subfield>
    <subfield code="a">RABASF</subfield>
    <subfield code="b">RABASF</subfield>
    <subfield code="c">DP1</subfield>
    <subfield code="d">2000-11-15</subfield>
    <subfield code="e">O</subfield>
    <subfield code="l">0</subfield>
    <subfield code="o">F-5181</subfield>
    <subfield code="p">1043648</subfield>
    <subfield code="r">2024-10-15 09:33:23</subfield>
    <subfield code="w">2024-10-15</subfield>
    <subfield code="y">FONDOMODER</subfield>
  </datafield>
  <datafield tag="999" ind1=" " ind2=" ">
    <subfield code="c">40220</subfield>
    <subfield code="d">40220</subfield>
  </datafield>
</record>
